000 00686nam a2200193Ia 4500
001 15455
003 GE_BSU
008 181216s||||||||xx |||||||||||||| ||und||
040 _cGE_BSU
100 _aჩოლოყაშვილი,ქაიხოსრო
245 _aომაინიანი
245 _cგამოსაც. მოამზ. ლიანა კეკელიძემ.რედ:ი. ლოლაშვილი. მხატვ. მ. თალაკვაძე
260 _aთბილისი
260 _bმეცნიერება
260 _c1979
300 _a171გვ.22სმ.
653 _aომაინიანი
942 _cBK
999 _c48558
_d48558